Nové úpravy v sociálnom, nemocenskom a zdravotnom poistení /
Uložené v:
| Hlavný autor: | |
|---|---|
| Médium: | Kniha |
| Jazyk: | Slovak |
| Vydané: |
Bratislava :
Eurounion spol. s r.o.,
1994.
|
| Vydanie: | 1. vyd. |
| Témy: | |
| ISBN: |
8085568314 (brož.) |
| Fyzický popis: |
453 s. |
| Tagy: |
Pridať tag
Žiadne tagy, Buďte prvý kto otaguje tento záznam!
|
Titul je dostupný aj v ... 

MARC
| LEADER | 00000nam a2200000 a 4500 | ||
|---|---|---|---|
| 001 | 000072811 | ||
| 003 | SVKK | ||
| 005 | 20111012112211.0 | ||
| 008 | 990618s1994 xo e f 000 0 slo d | ||
| 020 | |a 8085568314 (brož.) | ||
| 040 | |a SVKKK |b slo |c SVKKK |e AACR2 | ||
| 041 | 0 | |a slo | |
| 044 | |a xo |c SK | ||
| 080 | |a 369(035) |2 1997 | ||
| 080 | |a 369.22(035) |2 1997 | ||
| 100 | 1 | |a Freund, Miroslav | |
| 245 | 1 | 0 | |a Nové úpravy v sociálnom, nemocenskom a zdravotnom poistení / |c Miroslav Freund. |
| 250 | |a 1. vyd. | ||
| 260 | |a Bratislava : |b Eurounion spol. s r.o., |c 1994. | ||
| 300 | |a 453 s. | ||
| 653 | 0 | |a poistenie sociálne |2 SVKKKPH | |
| 653 | 0 | |a poistenie nemocenské |2 SVKKKPH | |
| 653 | 0 | |a poistenie zdravotné |2 SVKKKPH | |
| 653 | 0 | |a príručky |2 SVKKKPH | |
| 655 | 7 | |a príručky |2 SVKKKPH | |
| 910 | |a svkkk | ||
| 919 | |a 80-85568-31-4 | ||
| 974 | |a UH |d 19990618 | ||
| 974 | |a PA |d 19990618 | ||
| 974 | |a PA |d 20010430 | ||
| 998 | |a BK | ||
| 090 | |g SCKHL |k Sklad Pribinova 3. posch. |a V.189148 |j 871951 |i 72811-10 |4 Multiplikát |s Vyradená | ||
| 090 | |g SCKHL |k Sklad Pribinova 3. posch. |a V.189149 |j 871952 |i 72811-20 |4 Multiplikát |s Vyradená | ||
| 090 | |g SCKHL |k Sklad Pribinova 3. posch. |a V.189150 |j 871953 |i 2720866285 |s Absenčne | ||
| 090 | |g SCKHL |k Sklad Pribinova 3. posch. |a V.189151 |j 871954 |i 2720866284 |s Povinný výt. | ||